| 000 | 00634nam a2200205 a 4500 | ||
|---|---|---|---|
| 005 | 20241106063713.0 | ||
| 008 | 991125s1981 ea 000 0 eng u | ||
| 020 | _a0471050652 | ||
| 035 | _aUPN01000056740 | ||
| 049 | _aCG | ||
| 050 | 4 |
_aQA278 _bA7.7 |
|
| 100 | 1 |
_aArnold, Steven F., _d1944- _931496 |
|
| 245 | 1 | 4 |
_aThe theory of linear models and multivariate analysis / _cSteven F. Arnold. |
| 260 |
_aNew York : _bJohn Willey, _c1981. |
||
| 300 | _a475 p. | ||
| 440 | 0 | _aProbability and mathematical statistics | |
| 650 | 4 |
_aANALISIS ESTADISTICO MULTIVARIABLE _9561 |
|
| 650 | 4 |
_aEstadÃstica matemática _98767 |
|
| 905 | _aLibro | ||
| 999 |
_c56740 _d56740 |
||